| 000 | 00809nam a2200241 i 4500 | ||
|---|---|---|---|
| 003 | IT-RoINE | ||
| 005 | 20180115085417.0 | ||
| 008 | 930329s1981 sp |a r |||| ||cat d | ||
| 020 | _a8400045444 | ||
| 040 |
_aSpMaBN _bspa _cSIC IT-RoINE _dIT-RoINE |
||
| 100 | 1 |
_aSirera, Josep Lluís, _d1954-2015 _943346 |
|
| 245 | 1 | 0 |
_aPassat, present i futur del teatre valencià / _cJosep Lluís Sirera. |
| 260 |
_aValència : _bInstitución Alfons el Magnànim, _c1981. |
||
| 300 |
_a94 p. : _bil. ; _c22 cm. |
||
| 336 |
_2rdacontent _atext |
||
| 337 |
_2rdamedia _aunmediated |
||
| 338 |
_2rdacarrier _avolume |
||
| 490 | 1 |
_aDescobrim el País Valencià ; _v5 |
|
| 504 | _aBibliografía: p. 93-94. | ||
| 650 | 4 |
_aTeatro catalán _xHistoria _943347 |
|
| 830 | 0 |
_917761 _aDescobrim el País Valencià ; _v5 |
|
| 942 | _cMTS | ||
| 999 |
_c21949 _d21949 |
||